Ghost World : edición esencial /
Збережено в:
| Автор: | |
|---|---|
| Інші автори: | |
| Формат: | Книга |
| Мова: | Іспанська |
| Опубліковано: |
Barcelona, España :
La Cúpula,
2021, c2011
|
| Предмети: | |
| Теги: |
Немає тегів, Будьте першим, хто поставить тег для цього запису!
|
MARC
| LEADER | 00000nam^a2200000^a^4500 | ||
|---|---|---|---|
| 001 | 000431151 | ||
| 005 | 20250521000000.0 | ||
| 009 | 20260310122941.777 | ||
| 020 | |a 978-84-17442-98-9 | ||
| 037 | |a Acervo ITESO - Biblioteca | ||
| 041 | |a GRA | ||
| 041 | |a ESP | ||
| 082 | |a 808. 83929 |b CLO | ||
| 100 | |a Clowes, Daniel |e (autor) | ||
| 240 | 1 | 1 | |a [Eightball] |
| 240 | 1 | 1 | |a [Ghost World] |
| 245 | 1 | 0 | |a Ghost World : |b edición esencial / |c D. Clowes ; tr. por L. Díaz. |
| 264 | 4 | |a Barcelona, España : |b La Cúpula, |c 2021, c2011 | |
| 300 | |a [144 p.] | ||
| 336 | |a texto |b txt |2 rdacontenido | ||
| 337 | |a sin mediación |b n |2 rdamedio | ||
| 338 | |a volumen |b nc |2 rdasoporte | ||
| 500 | |a Traducción de: Ghost World. Special Edition | ||
| 546 | |a Edición gráfica con texto en español | ||
| 585 | |a Exposición DIA 2022-02 / Miradas a una espiral creciente: por los caminos de la novela gráfica | ||
| 649 | |a XX | ||
| 650 | |a Mujeres en la Literatura | ||
| 650 | |a Adolescentes en la Literatura | ||
| 650 | |a Jóvenes en la Literatura | ||
| 650 | |a Marginados Sociales en la Literatura | ||
| 650 | |a Novela Gráfica - |z EUA | ||
| 650 | |a Novela de Iniciación - |z EUA | ||
| 650 | |a Historietas y Caricaturas Norteamericanas | ||
| 650 | |a Medios Impresos | ||
| 650 | |a Medios de Comunicación | ||
| 650 | |a Comunicación Visual | ||
| 650 | |a Comunicación Masiva | ||
| 650 | |a Literatura Norteamericana - |y Siglo XX | ||
| 650 | |a Crisis del Desarrollo | ||
| 650 | |a Desarrollo Emocional | ||
| 650 | |a Educación Sentimental | ||
| 650 | |a Amistad | ||
| 650 | |a Relaciones de Pareja | ||
| 650 | |a Relaciones Intergénero | ||
| 650 | |a Conflicto (Relaciones Personales) | ||
| 650 | |a Marginación - |z EUA | ||
| 650 | |a Cultura Urbana - |z EUA | ||
| 650 | |a Zonas Conurbadas en la Literatura | ||
| 650 | |a Zonas Conurbadas - |z EUA - |x Condiciones Sociales y Culturales | ||
| 700 | |a Díaz, Lorenzo |e (traducción) | ||
| 910 | |a Fondo General | ||
| 920 | |a Impresos - Libros | ||
| 930 | |a Reserva Especial | ||
| 940 | |a Literatura | ||
| 905 | |a 103 | ||
| 901 | |a 0500354004 |b IT1 |c REE |i C175568 |u 20250521 | ||
| 902 | |a https://opac.biblio.iteso.mx/vufind/Record/000431151 | ||